000 00598nam a2200157 i 4500
001 183848
003 ES-MaACL
005 20230906222001.0
008 141028s1893 sp |||| | spa d
245 0 0 _aVelada literaria celebrada en el Centro Instructivo del obrero para honrar la memoria del que fué Secretario general Manuel Ortiz de Pinedo
_b: 2 de enero de 1893.
260 _aMadrid :
_bRicardo Fé,
_c1893.
300 _a59 p. :
_b1 retr. ;
_c23 cm.
600 0 4 _aOrtíz de Pinedo, Manuel.
_987604
710 0 _aCentro Instructivo del Obrero (Madrid)
_92746
852 _aES-MaACL
_jT-703-F-6
999 _c183848
_d183848